[Event "ch-NOR 2013"]
[Site "Lillehammer NOR"]
[Date "2013.07.04"]
[Round "7.5"]
[White "Stokke, Kjetil"]
[Black "Lie, Kjetil A."]
[Result "1-0"]
[WhiteTitle "IM"]
[BlackTitle "GM"]
[WhiteElo "2385"]
[BlackElo "2532"]
[WhiteFideId "1502964"]
[BlackFideId "1501984"]
[EventDate "2013.06.29"]

1. d4 Nf6 2. c4 g6 3. Nc3 Bg7 4. e4 d6 5. Nf3 O-O 6. Be2 Na6 7. O-O e5 8. Be3
Ng4 9. Bg5 Qe8 10. Re1 exd4 11. Nd5 c6 12. Ne7+ Kh8 13. Nxc8 Rxc8 14. Nxd4 Nf6
15. Bd3 Qe5 16. Be3 Nc5 17. f3 Nh5 18. Bf1 Ne6 19. Nxe6 fxe6 20. Qd2 c5 21. Re2
Rcd8 22. Rae1 Nf4 23. Rf2 g5 24. g3 h6 25. Qc1 Ng6 26. Bg2 Qf6 27. Qc2 Ne5 28.
Ref1 Qg6 29. h3 Nc6 30. f4 gxf4 31. gxf4 Bd4 32. f5 exf5 33. exf5 Qf6 34. Bxd4
Nxd4 35. Qd1 Rde8 36. Qh5 Rg8 37. Kh1 Re5 38. h4 Rf8 39. Bd5 Nc6 40. Rg1 Ne7 41.
Rg6 Qxg6 42. fxg6 Rxh5 43. Rxf8+ Kg7 44. Rf7+ Kxg6 45. Rxe7 Rxh4+ 46. Kg2 b6 47.
Rxa7 Rd4 48. Ra6 Rd2+ 49. Kf3 Rxb2 50. Kf4 h5 51. a4 Rf2+ 52. Bf3 Rb2 53. a5
bxa5 54. Rxd6+ Kf7 55. Ra6 Rb4 56. Bd5+ Ke7 57. Rxa5 Kd6 58. Ra6+ Kd7 59. Ke5 1-0

[Event "ch-NOR 2013"]
[Site "Lillehammer NOR"]
[Date "2013.07.04"]
[Round "7.7"]
[White "Holm, Kristian Stuvik"]
[Black "Moen, Andreas"]
[Result "1-0"]
[WhiteTitle "FM"]
[BlackTitle "IM"]
[WhiteElo "2255"]
[BlackElo "2410"]
[WhiteFideId "1508083"]
[BlackFideId "1501453"]
[EventDate "2013.06.29"]

1. e4 e5 2. Nf3 Nc6 3. d4 exd4 4. Bc4 Nf6 5. e5 d5 6. Bb5 Nd7 7. O-O Be7 8. Re1
O-O 9. Bxc6 bxc6 10. Nxd4 Nb8 11. Qf3 Qd7 12. Nc3 Na6 13. Nxc6 Bb4 14. Bd2 Bb7
15. Nxb4 Nxb4 16. Rac1 Rfe8 17. Qg3 Re6 18. Qg4 c5 19. Bh6 f5 20. Qxf5 gxh6 21.
Re3 Kh8 22. Nb5 d4 23. Rg3 Bd5 24. c4 dxc3 25. bxc3 Nxa2 26. Rd1 Be4 27. Qg4 Rg6
28. Qxd7 Bf5 29. Qxf5 Re6 1-0

[Event "ch-NOR 2013"]
[Site "Lillehammer NOR"]
[Date "2013.07.04"]
[Round "7.8"]
[White "Hole, Oystein"]
[Black "Ostenstad, Berge"]
[Result "1/2-1/2"]
[WhiteTitle "IM"]
[BlackTitle "GM"]
[WhiteElo "2353"]
[BlackElo "2467"]
[WhiteFideId "1501526"]
[BlackFideId "1500058"]
[EventDate "2013.06.29"]

1. Nf3 Nf6 2. c4 c5 3. Nc3 e6 4. g3 b6 5. Bg2 Bb7 6. O-O a6 7. Re1 Be7 8. e4 d6
9. d4 cxd4 10. Nxd4 Qc7 11. Be3 Nbd7 12. Rc1 O-O 13. f4 Rac8 14. f5 e5 15. Nb3
Qb8 16. Qe2 Qa8 17. Nd5 Bd8 18. Red1 Qb8 19. Nd2 Kh8 20. Nb1 Nxd5 21. cxd5 b5
22. Rxc8 Bxc8 23. Rc1 Bb6 24. Nd2 Bb7 25. Bxb6 Nxb6 26. Qe3 Rc8 27. Rxc8+ Bxc8
28. Qc3 Bd7 29. b3 1/2-1/2

[Event "ch-NOR 2013"]
[Site "Lillehammer NOR"]
[Date "2013.07.04"]
[Round "7.9"]
[White "Kvisvik, Brede"]
[Black "Lovik, Lasse Ostebo"]
[Result "1/2-1/2"]
[WhiteTitle "FM"]
[BlackTitle "FM"]
[WhiteElo "2312"]
[BlackElo "2311"]
[WhiteFideId "1502999"]
[BlackFideId "1505033"]
[EventDate "2013.06.29"]

1. d4 Nf6 2. c4 e6 3. g3 d5 4. Nf3 Bb4+ 5. Nbd2 O-O 6. Bg2 dxc4 7. O-O c3 8.
bxc3 Bxc3 9. Rb1 Nc6 10. e3 e5 11. Nxe5 Nxe5 12. dxe5 Ng4 13. Nc4 Nxe5 14. Qb3
Qf6 15. f4 Nxc4 16. Qxc4 c6 17. Rb3 Ba5 18. Bb2 Qh6 19. f5 Bb6 20. Rf4 Re8 21.
Rg4 Rxe3 22. Kf1 Bxf5 23. Rxg7+ Qxg7 24. Bxg7 Be6 25. Qf4 Bxb3 26. Bh6 Bc2 27.
Qg4+ Bg6 28. Bxe3 Bxe3 29. Be4 Rd8 30. h4 h5 31. Qf3 Bb6 32. Bxg6 fxg6 33. Qe4
Rf8+ 34. Ke2 Rf6 35. Qe7 Rf7 36. Qe6 Kg7 37. a4 Bc7 38. g4 1/2-1/2

[Event "ch-NOR 2013"]
[Site "Lillehammer NOR"]
[Date "2013.07.04"]
[Round "7.10"]
[White "Getz, Nicolai"]
[Black "Kvisla, Johannes Luangtep"]
[Result "1-0"]
[WhiteTitle "IM"]
[WhiteElo "2359"]
[BlackElo "2175"]
[WhiteFideId "1505572"]
[BlackFideId "1504533"]
[EventDate "2013.06.29"]

1. d4 d5 2. c4 e6 3. Nc3 Be7 4. cxd5 exd5 5. Bf4 c6 6. Qc2 Bd6 7. Bxd6 Qxd6 8.
e3 Nf6 9. Bd3 O-O 10. Nge2 Re8 11. h3 Nbd7 12. O-O Nf8 13. Ng3 g6 14. Rab1 a5
15. a3 N6d7 16. b4 axb4 17. axb4 f5 18. b5 Nf6 19. bxc6 bxc6 20. Rb6 N8d7 21.
Nb5 Qf8 22. Rxc6 Bb7 23. Rc3 Ne4 24. Bxe4 1-0

[Event "ch-NOR 2013"]
[Site "Lillehammer NOR"]
[Date "2013.07.04"]
[Round "7.11"]
[White "Moen, Ole Christian"]
[Black "Chavannes, Ivar"]
[Result "1/2-1/2"]
[WhiteTitle "FM"]
[WhiteElo "2234"]
[BlackElo "2181"]
[WhiteFideId "1500457"]
[BlackFideId "1502069"]
[EventDate "2013.06.29"]

1. e4 c5 2. g3 d6 3. Bg2 Nf6 4. d3 Nc6 5. f4 g6 6. Nf3 Bg7 7. O-O O-O 8. h3 Rb8
9. a4 b6 10. Nbd2 Bb7 11. Nc4 d5 12. exd5 Nxd5 13. c3 e6 14. Qe2 Qc7 15. Nfe5
Nce7 16. Bd2 Rbd8 17. a5 b5 18. a6 Bc8 19. Ne3 Qb6 20. c4 Nb4 21. cxb5 Qxb5 22.
N3c4 Nec6 23. Bc3 Nd5 24. Ba5 Nxe5 25. Bxd8 Nxd3 26. Nd6 Qxb2 27. Qxd3 Bd4+ 28.
Kh1 Ne3 29. Rg1 Rxd8 30. Rab1 Qa2 31. Nxc8 Rxc8 32. Bb7 Rd8 33. Rge1 c4 34. Qe2
Qa5 35. Qf3 c3 36. Be4 c2 37. Rbc1 Qd2 38. Qe2 Qxe2 39. Rxe2 Bb2 40. Rcxc2 Rd1+
41. Kh2 Nxc2 42. Bxc2 Ra1 43. Be4 Bd4 44. Bb7 Kf8 45. Rd2 Ra4 46. h4 h5 47. Kg2
Ke7 48. Kf3 Ra3+ 49. Kg2 Ra4 1/2-1/2

[Event "ch-NOR 2013"]
[Site "Lillehammer NOR"]
[Date "2013.07.05"]
[Round "8.1"]
[White "Johannessen, Leif Erlend"]
[Black "Hammer, Jon Ludvig"]
[Result "1/2-1/2"]
[WhiteTitle "GM"]
[BlackTitle "GM"]
[WhiteElo "2520"]
[BlackElo "2599"]
[WhiteFideId "1501674"]
[BlackFideId "1503707"]
[EventDate "2013.06.29"]

1. Nf3 Nf6 2. c4 g6 3. Nc3 d5 4. cxd5 Nxd5 5. e4 Nxc3 6. dxc3 Qxd1+ 7. Kxd1 f6
8. Be3 e5 9. Nd2 Nd7 10. Nb3 a5 11. a4 h5 12. f3 Bh6 13. Bf2 b6 14. Kc2 Ke7 15.
Bc4 Nf8 16. Rhd1 Ne6 17. g3 Ng5 18. Rd3 Nh3 19. Be1 Bd7 20. Bf7 c5 21. Bd5 Rab8
22. Nd2 Bxd2 23. Bxd2 Be6 24. Be3 Rhd8 25. Rad1 f5 1/2-1/2

[Event "ch-NOR 2013"]
[Site "Lillehammer NOR"]
[Date "2013.07.05"]
[Round "8.2"]
[White "Lie, Kjetil A."]
[Black "Moen, Ole Christian"]
[Result "1-0"]
[WhiteTitle "GM"]
[BlackTitle "FM"]
[WhiteElo "2532"]
[BlackElo "2234"]
[WhiteFideId "1501984"]
[BlackFideId "1500457"]
[EventDate "2013.06.29"]

1. d4 Nf6 2. Nf3 g6 3. Bg5 Bg7 4. Nbd2 h6 5. Bh4 d6 6. e4 g5 7. Bg3 Nh5 8. c3
Nd7 9. Bd3 c5 10. d5 a6 11. a4 b6 12. Nc4 Nxg3 13. hxg3 Bb7 14. Ne3 e6 15. Bc4
exd5 16. Bxd5 Bxd5 17. Qxd5 O-O 18. Qxd6 Nf6 19. Qxd8 Raxd8 20. e5 Ne4 21. Ng4
Rfe8 22. Rd1 Kh7 23. Rxd8 Rxd8 24. Ke2 c4 25. Ne3 b5 26. axb5 axb5 27. Ra1 h5
28. g4 hxg4 29. Nxg4 f5 30. exf6 Nxf6 31. Nxg5+ Kg6 32. Nxf6 Kxg5 33. Ne4+ Kf5
34. f3 b4 1-0

[Event "ch-NOR 2013"]
[Site "Lillehammer NOR"]
[Date "2013.07.05"]
[Round "8.3"]
[White "Elsness, Frode"]
[Black "Djurhuus, Rune"]
[Result "0-1"]
[WhiteTitle "IM"]
[BlackTitle "GM"]
[WhiteElo "2494"]
[BlackElo "2455"]
[WhiteFideId "1501100"]
[BlackFideId "1500082"]
[EventDate "2013.06.29"]

1. d4 Nf6 2. c4 g6 3. Nc3 Bg7 4. e4 d6 5. Nf3 O-O 6. Be2 e5 7. O-O Nbd7 8. Be3
Ng4 9. Bg5 f6 10. Bd2 Nh6 11. dxe5 dxe5 12. Qc1 Nf7 13. b4 c6 14. c5 Qe7 15. Rd1
Re8 16. Rb1 Nf8 17. h3 f5 18. Ng5 f4 19. Nxf7 Qxf7 20. b5 Ne6 21. bxc6 bxc6 22.
Bc4 Kh8 23. Na4 Qe7 24. Bc3 f3 25. g3 Nd4 26. Kh2 h5 27. Rd3 Rf8 28. Qd1 Kh7 29.
Bxd4 Qd7 30. Qf1 exd4 31. Rbb3 Qe7 32. Qe1 Bf5 33. Rxf3 Qxe4 34. Qf1 Bxh3 35.
Qh1 Bg4 36. Rxf8 Qxh1+ 37. Kxh1 Rxf8 38. Kg2 Bd1 39. Ra3 Rb8 40. Bb3 Bxb3 41.
axb3 d3 42. Kf1 d2 43. Ke2 Rd8 44. Kd1 Rd3 45. Ra2 Rxb3 46. Rxd2 Rb4 47. Ra2
Rb1+ 48. Ke2 Ra1 49. Rxa1 Bxa1 50. f4 Kg7 51. Kf3 Kf7 52. g4 hxg4+ 53. Kxg4 Kf6
54. Kf3 Ke6 55. Kg3 Kd5 56. Kg4 Kc4 57. Nb6+ axb6 58. cxb6 Bd4 59. b7 Ba7 60.
Kg5 Kb5 61. Kxg6 Kb6 0-1

[Event "ch-NOR 2013"]
[Site "Lillehammer NOR"]
[Date "2013.07.05"]
[Round "8.4"]
[White "Urkedal, Frode"]
[Black "Holm, Kristian Stuvik"]
[Result "1-0"]
[WhiteTitle "IM"]
[BlackTitle "FM"]
[WhiteElo "2470"]
[BlackElo "2255"]
[WhiteFideId "1506102"]
[BlackFideId "1508083"]
[EventDate "2013.06.29"]

1. d4 Nf6 2. c4 e6 3. Nf3 Bb4+ 4. Bd2 Qe7 5. g3 Nc6 6. Nc3 Bxc3 7. Bxc3 Ne4 8.
Qc2 Nxc3 9. Qxc3 Qb4 10. Qxb4 Nxb4 11. Kd2 b6 12. a3 Nc6 13. e4 Bb7 14. Bd3 Ne7
15. Rhe1 f5 16. Ng1 O-O 17. f4 fxe4 18. Bxe4 Bxe4 19. Rxe4 Nf5 20. Kc3 h6 21.
Nf3 Nd6 22. Re2 Rf5 23. Ne5 Rd8 24. c5 Nc8 25. b4 Ne7 26. Rae1 a5 27. bxa5 bxc5
28. dxc5 g5 29. fxg5 hxg5 30. g4 Rf4 31. Re4 Rf2 32. R1e2 Rf1 33. Nd3 Nd5+ 34.
Kc2 Ra1 35. Kb2 Rd1 36. Nb4 Ra8 37. Re5 Rxa5 38. Rxg5+ Kh7 39. c6 dxc6 40. Rh5+
Kg7 41. Rxe6 Rd2+ 42. Kb3 Rb5 43. Rxc6 Rd3+ 44. Kc4 1-0

[Event "ch-NOR 2013"]
[Site "Lillehammer NOR"]
[Date "2013.07.05"]
[Round "8.5"]
[White "Ostenstad, Berge"]
[Black "Stubberud, Ornulf"]
[Result "1-0"]
[WhiteTitle "GM"]
[BlackTitle "FM"]
[WhiteElo "2467"]
[BlackElo "2327"]
[WhiteFideId "1500058"]
[BlackFideId "1503758"]
[EventDate "2013.06.29"]

1. c4 Nf6 2. Nc3 g6 3. e4 d6 4. d4 Bg7 5. Nf3 O-O 6. Be2 e5 7. O-O Nc6 8. d5 Ne7
9. b4 a5 10. Ba3 axb4 11. Bxb4 b6 12. a4 Ne8 13. Qd3 h6 14. Rfd1 f5 15. a5 bxa5
16. Bxa5 fxe4 17. Nxe4 Bf5 18. Nfd2 Qd7 19. Bc3 Rxa1 20. Rxa1 c5 21. Bd1 Nc8 22.
Qe2 Qf7 23. Ba4 g5 24. Bc2 g4 25. Nf1 Bd7 26. Nfg3 Bf6 27. Qe3 Bg7 28. Ba5 Nf6
29. Rf1 Nxe4 30. Nxe4 Qh5 31. Ng3 Qh4 32. Qd3 Rf4 33. Qh7+ Kf8 34. Bd2 Rf7 35.
Bf5 Nb6 36. Bxd7 Nxd7 37. Nf5 Qh5 38. Nxg7 Nf6 39. Qh8+ 1-0

[Event "ch-NOR 2013"]
[Site "Lillehammer NOR"]
[Date "2013.07.05"]
[Round "8.6"]
[White "Lie, Espen"]
[Black "Devereaux, Maxim L"]
[Result "1/2-1/2"]
[WhiteTitle "IM"]
[BlackTitle "IM"]
[WhiteElo "2457"]
[BlackElo "2356"]
[WhiteFideId "1502611"]
[BlackFideId "408280"]
[EventDate "2013.06.29"]

1. Nf3 Nf6 2. g3 d5 3. Bg2 c6 4. O-O Bg4 5. Ne5 Bh5 6. d4 Nbd7 7. c4 e6 8. cxd5
cxd5 9. Nc3 Be7 10. Bf4 O-O 11. Qa4 Nxe5 12. Bxe5 Nd7 13. Bf4 Nb6 14. Qd1 Rc8
15. Bf3 Bxf3 16. exf3 Qd7 17. Qd3 Bb4 18. Ne2 Rc4 19. b3 Rc6 20. Rfc1 Rfc8 21.
Rxc6 Rxc6 22. Rc1 Nc8 23. Kg2 Rxc1 24. Bxc1 Ne7 25. Bd2 Bd6 26. f4 a6 27. Ng1
Nc6 28. Nf3 Bb8 29. Ng5 g6 30. Nf3 Qe7 31. Qc2 Ba7 32. Be3 f6 33. h4 Kg7 34. g4
f5 35. gxf5 gxf5 36. Ne5 Nxe5 37. fxe5 h6 38. Kh3 Kh7 39. f3 Bb6 40. Qc8 Bd8 41.
Bf2 Kg6 42. b4 h5 43. a3 Kf7 44. Qc1 Ke8 45. Qh6 Qf7 46. Be3 Bb6 47. Qh8+ Kd7
48. Qb8 Bc7 49. Qxb7 f4 50. Bf2 Qf5+ 51. Kg2 Qg6+ 52. Kh2 Qd3 53. Kg2 Qg6+ 54.
Kf1 Qd3+ 55. Kg2 Qg6+ 56. Kf1 1/2-1/2

[Event "ch-NOR 2013"]
[Site "Lillehammer NOR"]
[Date "2013.07.05"]
[Round "8.7"]
[White "Moen, Andreas"]
[Black "Kvisla, Johannes Luangtep"]
[Result "1/2-1/2"]
[WhiteTitle "IM"]
[WhiteElo "2410"]
[BlackElo "2175"]
[WhiteFideId "1501453"]
[BlackFideId "1504533"]
[EventDate "2013.06.29"]

1. e4 e5 2. Nf3 Nc6 3. Bb5 a6 4. Ba4 Nf6 5. O-O Be7 6. Re1 b5 7. Bb3 d6 8. c3
O-O 9. h3 h6 10. d4 Re8 11. Nbd2 Bf8 12. Nf1 Bd7 13. Ng3 Na5 14. Bc2 Nc4 15. b3
Nb6 16. Nh2 c5 17. Bd2 Qc7 18. Rc1 Rec8 19. Qf3 Qd8 20. Nf5 Bxf5 21. Qxf5 g6 22.
Qf3 Nbd7 23. Qd1 Bg7 24. Be3 Qa5 25. Bb1 b4 26. dxe5 dxe5 27. Qd2 Kh7 28. Nf3
Rd8 29. Red1 Nf8 30. Qc2 Rxd1+ 31. Rxd1 Re8 32. cxb4 cxb4 33. Qc4 Ne6 34. Rd6
Ra8 35. Bd2 Ne8 36. Rd5 Qc7 37. Qxc7 N8xc7 38. Rd7 a5 39. Be3 Kg8 40. Bd3 Rb8
41. Bc4 Nb5 42. Rd5 Na3 43. Rxa5 Nxc4 44. bxc4 Rc8 45. Nxe5 Bxe5 46. Rxe5 Kg7
47. c5 Ra8 48. Bd2 Rxa2 49. Bxb4 Rc2 50. Rd5 Rc1+ 51. Kh2 Rc4 52. Bd2 Nxc5 53.
f3 Ne6 54. g4 g5 55. h4 Kg6 56. h5+ Kf6 57. Kg3 Rc2 58. Rd3 Kg7 59. Bc3+ Kh7 60.
Be5 Kg8 61. Rb3 Rc8 62. Kf2 Ra8 63. Ke3 Rd8 64. Bf6 Ra8 65. Be5 Rd8 66. Rb7 Ra8
67. Bf6 Ra3+ 68. Kd2 Ra8 69. Kc3 Rc8+ 70. Kd2 Ra8 71. Be5 Rd8+ 72. Ke3 Ra8 73.
Rb8+ Rxb8 74. Bxb8 f6 75. Kd3 Kf7 76. Kc4 Ng7 77. Kd5 Ne6 78. Bd6 Nd8 79. f4
gxf4 80. Bxf4 Kg7 81. Bc7 Nf7 82. Bf4 Nd8 83. Kd6 Nb7+ 84. Ke6 Nc5+ 85. Kf5 Nd3
86. Bxh6+ Kxh6 87. Kxf6 Nf2 88. Kf5 Nd1 89. e5 Ne3+ 90. Kf4 Nd5+ 91. Ke4 Ne7 92.
Kf4 Nd5+ 93. Kf5 Ne3+ 94. Kf4 1/2-1/2

[Event "ch-NOR 2013"]
[Site "Lillehammer NOR"]
[Date "2013.07.05"]
[Round "8.8"]
[White "Gronn, Atle"]
[Black "Stokke, Kjetil"]
[Result "1-0"]
[WhiteTitle "IM"]
[BlackTitle "IM"]
[WhiteElo "2368"]
[BlackElo "2385"]
[WhiteFideId "1500961"]
[BlackFideId "1502964"]
[EventDate "2013.06.29"]

1. g3 g6 2. Bg2 Bg7 3. e4 c5 4. Ne2 Nc6 5. c3 e5 6. d3 Nge7 7. Be3 d6 8. O-O b6
9. f4 d5 10. fxe5 d4 11. cxd4 cxd4 12. Bg5 O-O 13. Qa4 Nxe5 14. Qa3 Re8 15. Nd2
h6 16. Bf6 Bg4 17. Bxg7 Kxg7 18. Rf2 Qd7 19. Nf4 Rac8 20. Nf3 Nxf3+ 21. Bxf3 Be6
22. Bd1 Nc6 23. Ba4 Rc7 24. Rc1 Rec8 25. Rfc2 a6 26. Nxe6+ fxe6 27. Bxc6 Rxc6
28. Rxc6 Rxc6 29. Rxc6 Qxc6 30. Qe7+ Kg8 31. Qd8+ Kh7 32. Qe7+ Kg8 33. Qd8+ Kh7
34. Qxd4 Qc2 35. Qd7+ Kh8 36. Qe8+ Kh7 37. Qf7+ Kh8 38. Qf6+ Kh7 39. Qf7+ Kh8
40. Qxg6 Qc1+ 41. Kg2 Qxb2+ 42. Kh3 Qxa2 43. Qxh6+ Kg8 44. d4 b5 45. d5 exd5 46.
Qe6+ Kf8 47. exd5 Qa1 48. d6 Qh8+ 49. Kg2 Qb2+ 50. Kh3 Qh8+ 51. Kg4 Qd4+ 52. Kf5
Qd3+ 53. Kf6 Qc3+ 54. Kg6 Qg7+ 55. Kf5 Qh7+ 56. Ke5 Qg7+ 57. Kf5 Qh7+ 58. Kf4
Qb7 59. Qf6+ Ke8 60. Qh8+ Kd7 61. Qg7+ Kc6 62. Qxb7+ Kxb7 63. h4 b4 64. Ke3 Kc6
65. h5 b3 66. Ke4 1-0

[Event "ch-NOR 2013"]
[Site "Lillehammer NOR"]
[Date "2013.07.05"]
[Round "8.9"]
[White "Kvisvik, Brede"]
[Black "Getz, Nicolai"]
[Result "0-1"]
[WhiteTitle "FM"]
[BlackTitle "IM"]
[WhiteElo "2312"]
[BlackElo "2359"]
[WhiteFideId "1502999"]
[BlackFideId "1505572"]
[EventDate "2013.06.29"]

1. d4 d6 2. c4 e5 3. Nf3 Nd7 4. Nc3 g6 5. e4 Bg7 6. Be2 Ngf6 7. O-O O-O 8. Be3
Re8 9. Qc2 exd4 10. Nxd4 Nc5 11. f3 c6 12. Rfd1 Qe7 13. Bf2 Nh5 14. g3 Bh3 15.
Bf1 Bxf1 16. Kxf1 a6 17. Qd2 Rad8 18. Kg2 Nf6 19. Rab1 Ncd7 20. b3 Ne5 21. Re1
Qd7 22. Nc2 b5 23. h3 bxc4 24. bxc4 Nxc4 25. Qd3 Ne5 26. Qxa6 Nxf3 27. Kxf3 Qxh3
28. Qd3 Ng4 29. Bd4 Bxd4 30. Qxd4 Ne5+ 31. Kf2 Qh2+ 32. Kf1 Qxc2 33. Re2 Qd3 34.
Qxd3 Nxd3 35. a4 Nc5 36. Rb6 Rc8 37. a5 Rc7 38. a6 Ra8 39. Ra2 Nd7 40. Rb7 Rxb7
41. axb7 Rxa2 42. Nxa2 Kf8 43. Nb4 Nb8 44. g4 Ke7 45. g5 f6 46. gxf6+ Kxf6 47.
Kf2 Ke6 48. Ke3 Kd7 49. Kf4 Kc7 50. Kg5 Kxb7 51. Kh6 Nd7 52. Kxh7 g5 53. Kg6 g4
54. Nc2 c5 55. Kf5 Ne5 56. Kf4 Kc6 57. Ne3 c4 58. Nd5 Kc5 59. Ke3 g3 60. Nf4 c3
61. Ne2 g2 62. Kf2 c2 63. Kxg2 Nd3 64. Kf3 c1=Q 65. Nxc1 Nxc1 66. Kf4 Nd3+ 67.
Kf5 Ne5 68. Ke6 Nc4 0-1

[Event "ch-NOR 2013"]
[Site "Lillehammer NOR"]
[Date "2013.07.05"]
[Round "8.10"]
[White "Tari, Aryan"]
[Black "Hole, Oystein"]
[Result "1/2-1/2"]
[WhiteTitle "FM"]
[BlackTitle "IM"]
[WhiteElo "2354"]
[BlackElo "2353"]
[WhiteFideId "1510045"]
[BlackFideId "1501526"]
[EventDate "2013.06.29"]

1. e4 c6 2. d4 d5 3. e5 Bf5 4. h4 h5 5. c4 e6 6. Nc3 Nd7 7. cxd5 cxd5 8. Bd3 Ne7
9. Nb5 Nc6 10. Bxf5 exf5 11. Ne2 a6 12. Nbc3 Nb6 13. Nf4 g6 14. e6 Bg7 15. Be3
Qd6 16. exf7+ Kxf7 17. O-O Rad8 18. a4 a5 19. Nb5 Qf6 20. Nh3 Qxh4 21. Bg5 Qg4
22. f3 Qg3 23. Bf4 Qh4 24. Ng5+ Kf6 25. g3 Qxg5 26. Bxg5+ Kxg5 27. Re1 Rhe8 28.
Qd2+ Kf6 29. b3 Bf8 30. Nc7 Bb4 31. Nxe8+ Rxe8 32. Qxb4 axb4 33. Rxe8 Nxd4 34.
Kg2 Nxb3 35. Rb1 Nc5 36. Rxb4 Nbxa4 37. Ra8 Nc3 38. Ra5 b5 39. Ra3 N5a4 40. Kf2
Ke5 41. Ke3 d4+ 42. Kd3 Nc5+ 43. Kc2 N5a4 44. Ra1 Kd5 45. Kd3 Nc5+ 46. Kd2 N5a4
47. Rxb5+ Nxb5 48. Rxa4 Nc7 49. Ra5+ Kc4 50. Re5 d3 51. Re7 Nd5 52. Re6 g5 53.
Rh6 Kd4 54. Re6 1/2-1/2

[Event "ch-NOR 2013"]
[Site "Lillehammer NOR"]
[Date "2013.07.05"]
[Round "8.11"]
[White "Lovik, Lasse Ostebo"]
[Black "Chavannes, Ivar"]
[Result "0-1"]
[WhiteTitle "FM"]
[WhiteElo "2311"]
[BlackElo "2181"]
[WhiteFideId "1505033"]
[BlackFideId "1502069"]
[EventDate "2013.06.29"]

1. Nf3 Nf6 2. c4 e6 3. g3 b6 4. Bg2 Bb7 5. O-O c5 6. Nc3 Be7 7. Re1 O-O 8. e4 d6
9. d4 cxd4 10. Nxd4 Qc7 11. Ndb5 Qc6 12. Bf4 Rd8 13. Rc1 a6 14. Nd4 Qc7 15. Be3
Nbd7 16. Rc2 Rac8 17. b3 Qb8 18. Bc1 Qa8 19. Ba3 Nc5 20. Qe2 Bf8 21. Rd2 Rc7 22.
Nc2 b5 23. cxb5 Nxb3 24. axb3 Rxc3 25. bxa6 Bxa6 26. Qd1 Bb7 27. Bb2 Rxb3 28.
Ne3 Rb5 29. e5 Bxg2 30. Nxg2 Ne4 31. Rc2 d5 32. Bd4 Qa4 33. Ne3 Rb4 34. Ba1 Rdb8
35. Rc1 Qa7 36. Kg2 Bc5 37. Rc2 Rb3 38. Nxd5 Nxf2 39. Qc1 Nd3 40. Nf6+ gxf6 0-1

[Event "ch-NOR 2013"]
[Site "Lillehammer NOR"]
[Date "2013.07.06"]
[Round "9.1"]
[White "Hammer, Jon Ludvig"]
[Black "Djurhuus, Rune"]
[Result "1/2-1/2"]
[WhiteTitle "GM"]
[BlackTitle "GM"]
[WhiteElo "2599"]
[BlackElo "2455"]
[WhiteFideId "1503707"]
[BlackFideId "1500082"]
[EventDate "2013.06.29"]

1. d4 Nf6 2. c4 g6 3. Nc3 Bg7 4. e4 d6 5. Nf3 O-O 6. Be2 e5 7. O-O Nc6 8. d5 Ne7
9. Ne1 Nd7 10. Be3 f5 11. f3 Kh8 12. Nd3 c5 13. b4 b6 14. Nb5 Nf6 15. bxc5 bxc5
16. Nf2 1/2-1/2

[Event "ch-NOR 2013"]
[Site "Lillehammer NOR"]
[Date "2013.07.06"]
[Round "9.3"]
[White "Ostenstad, Berge"]
[Black "Urkedal, Frode"]
[Result "1-0"]
[WhiteTitle "GM"]
[BlackTitle "IM"]
[WhiteElo "2467"]
[BlackElo "2470"]
[WhiteFideId "1500058"]
[BlackFideId "1506102"]
[EventDate "2013.06.29"]

1. d4 Nf6 2. c4 e6 3. Nf3 b6 4. g3 Bb7 5. Bg2 c5 6. O-O cxd4 7. Qxd4 Nc6 8. Qd1
Rc8 9. b3 d5 10. cxd5 Qxd5 11. Bb2 Qh5 12. Nbd2 Be7 13. a3 O-O 14. Qb1 Rfd8 15.
Re1 e5 16. b4 Nd4 17. Nxd4 Bxg2 18. Kxg2 exd4 19. Nf3 Rc4 20. Qd3 b5 21. Rac1
Qd5 22. Rxc4 bxc4 23. Qxd4 a5 24. bxa5 Qb5 25. Qb6 Rb8 26. Qxb5 Rxb5 27. Bc3 Nd5
28. Bb4 Nxb4 29. axb4 Rxb4 30. Ra1 Bf6 31. Ra2 Rb8 32. a6 g5 33. Nd2 c3 34. Ne4
Kg7 35. Kf3 Be5 36. a7 Ra8 37. Ke3 h6 38. Kd3 c2 39. Kxc2 Bd4 40. Ra4 Bxa7 41.
Nc3 h5 42. h3 Kg6 43. g4 hxg4 44. hxg4 Kh6 45. Ra6+ Kg7 46. e3 Kf8 47. Ne4 Re8
48. Nxg5 Bxe3 49. fxe3 Rxe3 50. Kd2 Rb3 51. Ke2 Kg7 52. Ne4 Rb5 53. Ng3 f6 54.
Kf3 1-0

[Event "ch-NOR 2013"]
[Site "Lillehammer NOR"]
[Date "2013.07.06"]
[Round "9.4"]
[White "Gronn, Atle"]
[Black "Lie, Kjetil A."]
[Result "1/2-1/2"]
[WhiteTitle "IM"]
[BlackTitle "GM"]
[WhiteElo "2368"]
[BlackElo "2532"]
[WhiteFideId "1500961"]
[BlackFideId "1501984"]
[EventDate "2013.06.29"]

1. Nf3 g6 2. g3 Bg7 3. Bg2 Nf6 4. c4 O-O 5. d4 d6 6. O-O c6 7. Nc3 Qa5 8. e4 e5
9. h3 Nbd7 10. Re1 exd4 11. Nxd4 Ne5 12. Bf1 Re8 13. Nb3 Qc7 14. f4 Ned7 15. Qc2
d5 16. cxd5 cxd5 17. e5 Ne4 18. Qd3 Nxc3 19. bxc3 Nb6 20. Nd4 Bd7 21. Be3 Rac8
22. Rec1 Bf8 23. a4 Bc5 24. Nb5 Bxb5 25. axb5 f6 26. Bxc5 Qxc5+ 27. Qd4 fxe5 28.
fxe5 Rxe5 29. Qxc5 Rxc5 30. Rxa7 Re7 31. Rc2 Nc8 32. Ra8 Kg7 33. Rb8 Nd6 34. Rd8
Nf5 35. g4 Ne3 36. Rc1 Nxf1 37. Kxf1 Rxb5 38. Rd1 Re3 39. R8xd5 Rxd5 40. Rxd5
Rxh3 41. Kg2 Rxc3 42. Rd7+ Kf6 43. Rxb7 h6 44. Rb5 Re3 45. Ra5 Re5 46. Ra3 Kg5
47. Kg3 Rb5 48. Rc3 1/2-1/2

[Event "ch-NOR 2013"]
[Site "Lillehammer NOR"]
[Date "2013.07.06"]
[Round "9.6"]
[White "Stokke, Kjetil"]
[Black "Kvisvik, Brede"]
[Result "1/2-1/2"]
[WhiteTitle "IM"]
[BlackTitle "FM"]
[WhiteElo "2385"]
[BlackElo "2312"]
[WhiteFideId "1502964"]
[BlackFideId "1502999"]
[EventDate "2013.06.29"]

1. d4 Nf6 2. c4 e6 3. Nf3 d5 4. Nc3 c6 5. Bg5 Nbd7 6. e3 Qa5 7. cxd5 Nxd5 8. Qd2
Bb4 9. Rc1 h6 10. Bh4 O-O 11. a3 Bxc3 12. bxc3 b6 13. c4 Qxd2+ 14. Nxd2 N5f6 15.
Be2 Ba6 1/2-1/2

[Event "ch-NOR 2013"]
[Site "Lillehammer NOR"]
[Date "2013.07.06"]
[Round "9.7"]
[White "Getz, Nicolai"]
[Black "Tari, Aryan"]
[Result "0-1"]
[WhiteTitle "IM"]
[BlackTitle "FM"]
[WhiteElo "2359"]
[BlackElo "2354"]
[WhiteFideId "1505572"]
[BlackFideId "1510045"]
[EventDate "2013.06.29"]

1. d4 d5 2. Nf3 Nf6 3. e3 g6 4. c4 Bg7 5. Nc3 O-O 6. b4 Bg4 7. h3 Bxf3 8. Qxf3
c6 9. Ba3 e5 10. dxe5 Nfd7 11. Rd1 Nxe5 12. Qf4 Nxc4 13. Bxc4 Bxc3+ 14. Kf1 Qe7
15. Be2 a5 16. Rb1 axb4 17. Bxb4 Bxb4 18. Qxb4 Qxb4 19. Rxb4 Rxa2 20. g3 b5 21.
Rb1 Nd7 22. Rc1 Ne5 23. Rc5 Rc8 24. e4 Nc4 25. exd5 Nd2+ 26. Kg2 Ne4 27. Rxc6
Rd8 28. Bd3 Nxf2 29. Bb1 Rb2 30. Rf1 Ne4+ 31. Rc2 Rxc2+ 32. Bxc2 Nd2 33. Rd1
Rxd5 34. Kf2 Ne4+ 35. Ke3 Rxd1 36. Bxd1 Nxg3 37. Kd4 f5 38. Bb3+ Kg7 39. Kc5 f4
40. Bd1 Ne4+ 41. Kd4 0-1